000 01113nam a2200301 i 4500
003 EG-GICUC
005 20260415113413.0
008 260415s1934 fr |||fr|||| 00| 0 fre d
040 _aEG-GiCUC
_bfre
_cEG-GiCUC
_dEG-GiCUC
_eRda
082 0 4 _221
_a343.3
_bGA . P
092 0 4 _221
099 _aLaw1 10 343.3 GA . P 1934
100 1 _aGarraud, R.
_eAuteur
245 1 0 _aPREÉCIS DE DROIT CRIMINEL :
_bContenant L'explication élémetaire de la partie généeals du code pénal du code d'instruction ceiminelle et des lois qui ont modifie ces deux codes /
_cPer R. Garraud, Par Pierre garraud.
250 _aQuinzieme edition
264 1 _aParis :
_bLibrairie du Recueil sirey,
_c1934.
300 _a1210 page ;
_c 24 cm.
336 _2rda contenu
_a texte
337 _2rda medias
_aOrdinateur
338 _2 transporteur rda
_a Ressource en ligne
546 _aTexte en français
650 1 _aDroit de procédure pénale
_2qrmak
651 1 _2qrmak
700 1 _aGarraud, Pierre
_eAuteur
856 4 0 _uhttps://fll.law.cu.edu.eg/fulltext/bks/B10-09532.pdf
905 _a161
942 _2ddc
_cBK
_e21
_n0
999 _c71031
_d71031